Une anecdote = une série télé d'animation #2 - Statistiques

Statistiques générales
  • Ce quiz a été pris 29 fois
  • Le résultat moyen est 6 sur 20
Statistiques - réponses
Anecdotes Dessin Animé % Correct
Des espionnes professionnelles employées du WOOHP, portant des combinaisons intégrales moulantes en latex colorées. Totally Spies
89%
Ondine possède un Magicarpe qui évolue en Léviator. Pokemon
67%
Boo, Cell et Freezer, figurent parmi les principaux ennemis. Dragon Ball
63%
Il porte toujours un bonnet bleu surmonté d'un grelot et un éternel foulard jaune à pois rouges. Oui Oui
59%
Adaptation du premier volet d'une trilogie écrite par la comtesse de Ségur. L'héroïne est le souffre-douleur de Mme Fichini. Les Malheurs de Sophie
52%
Elles ont été baptisées de noms d'artistes de la Renaissance. Les Tortues Ninja
48%
Elles ne dérobent que les œuvres ayant appartenu à leur père, un artiste allemand du nom de Michael Heintz, dans l'espoir de le retrouver. (Signé) Cat's Eyes
41%
Machine de guerre extraterrestre en deux parties (un robot Mecha et sa soucoupe de transport). Goldorak
37%
Les personnes qui souhaitent faire appel à ses services marquent « XYZ » (pour eXamen Your Zip), ce qui signifie vérifiez vos braguettes. Nicky Larson
22%
Il a été ignoré en raison de sa petite taille et son nom est de Parmagnan, mais il mérite les honneurs ! Albert le cinquième mousquetaire
19%
Trois histoires par épisode. Son voisin Mr Martin est sa victime favorite. Denis la Malice
19%
Zeed est le premier chef de bande à être défait par l'homme aux sept cicatrices. Ken Le Survivant
19%
Dans le dernier épisode, on apprend que l'institutrice est l’arrière-arrière(…)arrière-arrière petite fille du célèbre pirate Barbe Rouge. Le Bus magique
19%
Leur objectif commun est de rallier le Parc du Daim Blanc et de s'y établir. Les Animaux du Bois de Quat'sous
19%
Certains personnages de cette série ont en commun les noms suivants : Cornichon et De La Tranche. Les Razmoket
19%
Il habite chez ses grands-parents, gérants d'une pension de famille, et sa casquette est le dernier cadeau que lui ont fait ses parents. Hé Arnold
15%
Maestro raconte les histoires de ceux qui ont façonné notre monde actuel. Cela commence par "Nos ancêtres les Chinois". Il était une fois les Découvreurs
15%
On y suit Benjamin, de Colombus aux Ailes de Jupiter, en passant par Gênes. L’École des Champions
15%
Il vit dans la ville de Bouffonville, aime secrètement Patti Mayonnaise, et doit composer avec un certain Roger Klotz, la terreur du collège local. Doug
11%
Des noms d'épisodes au titre évocateur pour cette série : Docteur Brankeinstein ; Une momie peut en cacher une autre ; L'express de Transylvanie. Crypte Show
4%
Aucun quiz correspondant
Distribution des résultats
% des personnes avec chaque résultat
Percentile par nombre de réponses
Votre historique - résultats
Vous n’avez pas pris ce quiz